000 00535nam a2200193Ia 4500
005 20250508162312.0
008 008 250505s9999 xx 000 0 eng d
037 _aTextual
040 _aFEDL
_beng
_cFEDL
041 _aeng
_2eng
084 _a181.45, PAN
_qFEDL
100 _aPratinidhi Bhawanrao Pant
_9772796
245 0 _aSurya Namaskars
260 _aMadras, India
_bSangam Books
_c1975
300 _a74p.
650 _aOriental Philosophy
_9755543
942 _cTEXL
_h181.45, PAN
999 _c1375707
_d1375707